[Event "DRUGA LIGA CENTRALNE SRBIJE - Zapad"]
[Site "Vrnjacka banja"]
[Date "2013.??.??"]
[Round "1.5"]
[White "Dikic, Veljko**"]
[Black "Stevanovic, Velimir*"]
[Result "1-0"]
[WhiteElo "1947"]
[BlackElo "1929"]
[PlyCount "77"]
[EventDate "2013.10.10"]

1. e4 Nf6 2. Nc3 d5 3. exd5 Nxd5 4. d4 Nxc3 5. bxc3 e6 6. Nf3 b6 7. Bb5+ Bd7 8.
Bd3 Bc6 9. O-O Nd7 10. Re1 Be7 11. c4 O-O 12. d5 exd5 13. cxd5 Bb7 14. Bf4 Nc5
15. c4 Nxd3 16. Qxd3 Rc8 17. Rac1 Bb4 18. Ng5 g6 19. Qh3 h5 20. Re3 Re8 21. Qf3
Rxe3 22. fxe3 Qf6 23. Qg3 Ba6 24. Be5 Qe7 25. Rf1 Rf8 26. Ne4 Re8 27. Nf6+ Kf8
28. Qg5 Qd8 29. Qh6+ Ke7 30. Nxe8 Qxe8 31. Bxc7 Kd7 32. Bg3 Bxc4 33. Qf4 Ke7
34. Qxc4 Bc5 35. Qe4+ Kf8 36. Qxe8+ Kxe8 37. Kf2 g5 38. Ke2 Ke7 39. Be5 1-0

[Event "DRUGA LIGA CENTRALNE SRBIJE - Zapad"]
[Site "Vrnjacka banja"]
[Date "2013.??.??"]
[Round "1.6"]
[White "Czebe, Attila"]
[Black "Jovanovic, Dusan D"]
[Result "0-1"]
[WhiteElo "2456"]
[BlackElo "2415"]
[PlyCount "86"]
[EventDate "2013.10.10"]

1. Nf3 Nf6 2. g3 b6 3. Bg2 Bb7 4. O-O e6 5. d3 c5 6. e4 d6 7. Nh4 Nc6 8. f4 Be7
9. h3 Qc7 10. Kh2 a6 11. Be3 d5 12. Nd2 dxe4 13. dxe4 O-O-O 14. Qe2 h6 15. c3
g5 16. Nhf3 Nh5 17. Ng1 gxf4 18. gxf4 Nf6 19. b4 h5 20. Ngf3 Ng4+ 21. hxg4
hxg4+ 22. Kg1 gxf3 23. Nxf3 Rdg8 24. bxc5 Bxc5 25. Bxc5 bxc5 26. e5 Rg4 27. Ng5
Rxg2+ 28. Qxg2 Nxe5 29. Ne4 f5 30. fxe5 Qxe5 31. Rae1 Bxe4 32. Rf3 Bxf3 33.
Rxe5 Bxg2 34. Kxg2 Kd7 35. Rxc5 Rc8 36. Ra5 Rxc3 37. Rxa6 Ke7 38. a4 Kf6 39. a5
Ra3 40. Ra8 Ke5 41. a6 Kf4 42. a7 Ra2+ 43. Kf1 e5 0-1

[Event "DRUGA LIGA CENTRALNE SRBIJE - Zapad"]
[Site "Vrnjacka banja"]
[Date "2013.??.??"]
[Round "1.6"]
[White "Popovic, Predrag R"]
[Black "Bojovic, Dusan*"]
[Result "1-0"]
[WhiteElo "2257"]
[BlackElo "2309"]
[PlyCount "75"]
[EventDate "2013.10.10"]

1. d4 Nf6 2. Nc3 d6 3. e4 g6 4. f3 Bg7 5. Be3 O-O 6. Qd2 a6 7. O-O-O Nc6 8. Bh6
Bxh6 9. Qxh6 e5 10. Nge2 Qe7 11. h4 exd4 12. Nxd4 Qe5 13. Nde2 Be6 14. Nf4 Ne8
15. Nfd5 Qg7 16. Qd2 b5 17. h5 b4 18. Ne2 Qe5 19. hxg6 fxg6 20. Nef4 Bf7 21.
Nd3 Qg7 22. N3xb4 Rb8 23. c3 Na5 24. Qh6 Qxh6+ 25. Rxh6 c6 26. Ne3 Kg7 27. Rh1
Rb6 28. b3 Nb7 29. Bxa6 c5 30. Bxb7 cxb4 31. Bd5 bxc3 32. Kc2 Nc7 33. Bxf7 Rxf7
34. Nc4 Ra6 35. a4 Ne6 36. Rxd6 Rxd6 37. Nxd6 Rd7 38. Rd1 1-0

[Event "DRUGA LIGA CENTRALNE SRBIJE - Zapad"]
[Site "Vrnjacka banja"]
[Date "2013.??.??"]
[Round "1.6"]
[White "Toth, Aleksandar*"]
[Black "Djuricic, Dejan"]
[Result "1-0"]
[WhiteElo "2309"]
[BlackElo "2024"]
[PlyCount "51"]
[EventDate "2013.10.10"]

1. e4 d6 2. d4 Nf6 3. Nc3 g6 4. f4 Bg7 5. Nf3 O-O 6. e5 Nfd7 7. h4 c5 8. h5
cxd4 9. Qxd4 dxe5 10. Qf2 e4 11. hxg6 hxg6 12. Nxe4 Nf6 13. Qh4 Re8 14. Neg5
Nc6 15. Bc4 e6 16. Bd2 Nd5 17. O-O-O Qf6 18. c3 Bd7 19. Rde1 Rec8 20. Ne5 Be8
21. Bxd5 exd5 22. Ng4 Qd6 23. Qh7+ Kf8 24. Qh8+ Bxh8 25. Rxh8+ Kg7 26. Reh1 1-0

[Event "DRUGA LIGA CENTRALNE SRBIJE - Zapad"]
[Site "Vrnjacka banja"]
[Date "2013.??.??"]
[Round "1.6"]
[White "Jakovljevic, Nenad"]
[Black "Djordjev, Bojan*"]
[Result "1/2-1/2"]
[WhiteElo "2080"]
[BlackElo "2141"]
[PlyCount "128"]
[EventDate "2013.10.10"]

1. e4 c5 2. Nf3 e6 3. d4 cxd4 4. Nxd4 a6 5. Nc3 Qc7 6. a3 Nf6 7. Be2 Nc6 8. Be3
Be7 9. O-O O-O 10. f4 d6 11. Qe1 Nxd4 12. Bxd4 b5 13. Qg3 Bb7 14. Rae1 d5 15.
exd5 Bc5 16. Bxc5 Qxc5+ 17. Kh1 exd5 18. Bd3 d4 19. Re5 Qd6 20. Ne4 Nxe4 21.
Bxe4 Bxe4 22. Rxe4 Rae8 23. Rfe1 Rxe4 24. Rxe4 h6 25. Qd3 Rd8 26. h3 Qc7 27.
Re5 Qc4 28. Re4 Qxd3 29. cxd3 Kf8 30. Kg1 Rd6 31. Kf2 f6 32. Ke2 Kf7 33. Kd2
Rd5 34. Kc2 g6 35. Kb3 a5 36. a4 h5 37. Ka3 bxa4 38. Kxa4 f5 39. Re2 Rc5 40.
Kb3 h4 41. Rc2 Rb5+ 42. Ka3 g5 43. Rc7+ Kg6 44. Rd7 gxf4 45. Rxd4 Kg5 46. b3
Rc5 47. Rc4 Rd5 48. d4 f3 49. gxf3 Kf4 50. Rc5 Rxd4 51. Rxa5 Rd3 52. Ka4 Rxf3
53. b4 Rxh3 54. b5 Rh1 55. b6 Ra1+ 56. Kb5 Rb1+ 57. Kc6 Rxb6+ 58. Kxb6 h3 59.
Kc5 h2 60. Ra1 Kg3 61. Ra3+ Kg4 62. Ra1 f4 63. Kd4 Kg3 64. Ke4 Kg2 1/2-1/2

[Event "DRUGA LIGA CENTRALNE SRBIJE - Zapad"]
[Site "Vrnjacka banja"]
[Date "2013.??.??"]
[Round "1.6"]
[White "Nikolic, Vladimir"]
[Black "Djukic, Sasa"]
[Result "1/2-1/2"]
[WhiteElo "1977"]
[BlackElo "1996"]
[PlyCount "145"]
[EventDate "2013.10.10"]

1. Nf3 Nc6 2. d4 d5 3. Bf4 Bf5 4. Nbd2 Nf6 5. c3 e6 6. h3 Bd6 7. Bxd6 Qxd6 8.
Nh4 Bg6 9. Nxg6 hxg6 10. g3 Ne7 11. Bg2 c6 12. e4 dxe4 13. Nxe4 Nxe4 14. Bxe4
Nf5 15. Qf3 Qc7 16. Bxf5 gxf5 17. h4 O-O-O 18. O-O-O g6 19. Rhe1 f4 20. Re5
fxg3 21. fxg3 Rd5 22. Qf6 Rh5 23. Rxh5 Rxh5 24. g4 Rh7 25. h5 gxh5 26. Rh1 Qd8
27. Qh4 Qxh4 28. Rxh4 Kd7 29. gxh5 Ke7 30. Kd2 Kf6 31. Rh2 Kg5 32. Rg2+ Kxh5
33. Ke3 Kh6 34. Ke4 f6 35. Rg8 Re7 36. Kf4 Kh7 37. Rg2 Rd7 38. Re2 Rd6 39. Rg2
Rd5 40. Re2 Rd6 41. Rg2 Rd7 42. Re2 Re7 43. Rg2 Re8 44. Rg3 Kh6 45. Rg2 Rd8 46.
Re2 Rd6 47. Rg2 Rd5 48. Re2 Rd6 49. Rg2 Kh7 50. Rg1 a5 51. a4 b5 52. Ke4 Rd5
53. axb5 Rxb5 54. Rg2 Rg5 55. Rh2+ Kg7 56. Rc2 Kf7 57. b4 Ke7 58. bxa5 Rxa5 59.
Rf2 Rh5 60. Rf3 Rh4+ 61. Kd3 Rh5 62. Ke4 c5 63. Rg3 Kd6 64. Rg6 f5+ 65. Kd3
Rh3+ 66. Kc4 cxd4 67. cxd4 Re3 68. Rh6 Ke7 69. d5 e5 70. d6+ Kd7 71. Kd5 Rd3+
72. Kxe5 Re3+ 73. Kxf5 1/2-1/2

[Event "DRUGA LIGA CENTRALNE SRBIJE - Zapad"]
[Site "Vrnjacka banja"]
[Date "2013.??.??"]
[Round "1.6"]
[White "Bojovic, Zoran"]
[Black "Pajic, Boris"]
[Result "1/2-1/2"]
[WhiteElo "2106"]
[BlackElo "2030"]
[PlyCount "59"]
[EventDate "2013.10.10"]

1. e4 c6 2. d4 d5 3. Nc3 dxe4 4. Nxe4 Nd7 5. Bc4 Ngf6 6. Ng5 e6 7. Ne2 Bd6 8.
O-O h6 9. Nf3 O-O 10. Bf4 Bxf4 11. Nxf4 Qc7 12. Nd3 c5 13. dxc5 Nxc5 14. Nxc5
Qxc5 15. Qe2 Bd7 16. Ne5 Rad8 17. Rad1 Bc8 18. a3 Qb6 19. c3 Rxd1 20. Rxd1 Rd8
21. Rxd8+ Qxd8 22. h3 Qd6 23. Nf3 Bd7 24. Qe5 Qxe5 25. Nxe5 Kf8 26. Kf1 Ke7 27.
Ke2 Be8 28. Ke3 Kd6 29. Kd4 Nd7 30. Nxd7 1/2-1/2